000 00476nam a2200193Ia 4500
005 20250425161212.0
008 250425s9999 xx 000 0 und d
020 _a0134513282
041 _aeng
082 _a621.381
100 _aHUGHES, FREDERICK W.
245 0 _aILLUSTRATED GUIDEBOOK TO ELECTRONIC DEVICES AND CIRCUITS
250 _aS.E.
260 _aEstados Unidos
_bPRENTICE HALL
_c1983
260 _aS.L.
300 _a431
942 _c01
010 _a14951
999 _c204452
_d204452